000
00258nam a22001217a 4500
008
170306b xxu||||| |||| 00| 0 eng d
041
_a
eng
080
_2
4 ED
_a
611
100
_a
6
101
_a
SHM
245
_a
CLINICAL ANATOMY
_c
ELLIS.H
942
_2
udc
_c
BK
999
_c
6872
_d
6872